Catalog

Record Details

Catalog Search



Sociologie životního způsobu  Cover Image Book Book

Sociologie životního způsobu / Helena Kubátová

Record details

  • ISBN: 978-80-247-2456-0
  • Physical Description: 272 s. ; 21 cm
  • Edition: Vyd. 1.
  • Publisher: Praha : Grada, 2010

Content descriptions

General Note:
Terminologický slovník
Bibliography, etc. Note:
Obsahuje bibliografie, bibliografické odkazy a rejstřík
Subject: životní styl > sociologické aspekty
life style > sociological aspects
Genre: učebnice
textbooks

Available copies

  • 3 of 3 copies available at Common Catalog SPOK.

Holds

  • 0 current holds with 3 total copies.
Show Only Available Copies
Location Call Number / Copy Notes Barcode Shelving Location Status Due Date
ETS Library 301 424470011948 Volný výběr Available -
Jabok Library Soc-1.7.2 424480025521 Odborná literatura Available -
Jabok Library Soc-1.7.2 424480025667 Odborná literatura Available -

Electronic resources

Version of Resource: Digitalizovaný dokument


LDR 01468nam a2200409 a 4500
00112045
003CZ-PrJAB
00520190715142709.0
007ta
008091231s2010 xr e p 001 0 cze
015 . ‡acnb002027394
020 . ‡a978-80-247-2456-0 ‡q(brož.)
035 . ‡a(CZ PrNK)nkc20092027394
035 . ‡a(OCoLC)607525896
040 . ‡aBOA001 ‡bcze ‡dABA001
072 7. ‡a316.7 ‡xSociologie kultury. Kulturní život ‡2Konspekt ‡91
072 7. ‡a37.016 ‡xUčební osnovy. Vyučovací předměty. Učebnice ‡2Konspekt ‡922
080 . ‡a316.728 ‡2MRF
080 . ‡a316 ‡2MRF
080 . ‡a(075) ‡2MRF
08214. ‡a301
1001 . ‡aKubátová, Helena, ‡d1964- ‡7jo2002105460 ‡4aut
24510. ‡aSociologie životního způsobu / ‡cHelena Kubátová
250 . ‡aVyd. 1.
260 . ‡aPraha : ‡bGrada, ‡c2010
300 . ‡a272 s. ; ‡c21 cm
4901 . ‡aSociologie
500 . ‡aTerminologický slovník
504 . ‡aObsahuje bibliografie, bibliografické odkazy a rejstřík
65007. ‡aživotní styl ‡7ph136586 ‡xsociologické aspekty ‡2czenas
65009. ‡alife style ‡xsociological aspects ‡2eczenas
6530 . ‡asociologie životního způsobu ‡asociologie životního stylu
655 7. ‡aučebnice ‡7fd133770 ‡2czenas
655 9. ‡atextbooks ‡2eczenas
830 0. ‡aSociologie (Grada)
85641. ‡uhttp://krameriusndk.nkp.cz/search/handle/uuid:4bd69330-34eb-11e4-8e0d-005056827e51 ‡yDigitalizovaný dokument
910 . ‡aABG450
910 . ‡aABG312
995 . ‡aska
999 . ‡a8523 ‡bAUTOGEN ‡c8523 ‡tbiblio
901 . ‡a12045 ‡bUnknown ‡c12045 ‡tbiblio ‡sets

Additional Resources